000 00450pab a2200145 454500
008 180718b2003 xxu||||| |||| 00| 0 eng d
100 _aMurata, Yasusada
245 _aProduct diversity, taste heterogeneity, and geographic distribution of economic activities: market vs. non-market interactions
260 _c2003
300 _ap.126-44.
362 _aJan
650 _aEconomic Geography
773 _aJournal of Urban Economics
909 _a56009
999 _c56009
_d56009